000 00436nam a2200181Ia 4500
001 19271
005 20260306171732.0
008 260306s9999||||xx |||||||||||||| ||und||
041 _aESP
082 _a658.827
_bO44
100 _aOlins, Wally
_eAUT
245 0 _aBrand new:
_bla esencia de las futuras marcas
260 _c2014
300 _a181 páginas :
_c24 cm.
650 _aGEN
654 _aCAN
942 _cLIB
_dJUS
_fJUS
_2ddc
_n
999 _c19271
_d19271